LDR 01040nam a2200217 4500 001 000000363688 003 CaOOAMICUS 005 20260506145004.0 008 250724s20022008it 000 u ita r 040 $aSeMil$bita 100 1 $aPascoli, Giovanni,$d<1855-1912>.$0(OLS)http://semarc/name/3304 245 10$aPoesie /$cdi Giovanni Pascoli. 264 1$aTorino :$bUnione Tipografico-Editrice,$c2002-2008. 300 $av. ;$c24 cm 490 1 $aClassici italiani 774 0 $aPascoli, Giovanni <1855-1912>$t[1]: Myricae ; Canti di Castelvecchio.$dTorino : Unione Tipografico-Editrice Torinese, 2002.$z88-02-05936-5$w()108649 774 0 $aPascoli, Giovanni <1855-1912>$t2: Primi poemetti ; Nuovi poemetti.$dTorino : Unione Tipografico-Editrice Torinese, 2008.$z978-88-02-07943-1$w()363689 830 0$aClassici Italiani
.$0(OLS)http://semarc/title/16424 996 $6245$aPoesie$9(OLS)http://semarc/title/2285 996 $6264$aTorino :$bUnione Tipografico-Editrice$9(OLS)http://semarc/publisher/30119